000 00622nam a22001937a 4500
003 OSt
005 20260126064806.0
008 260126b |||||||| |||| 00| 0 eng d
020 _a0-393-97287-9.
040 _aDWC-Main lib.
_cOC
082 _aCirc. 327 M663e 1999
100 _aMingst, Karen A.
245 _aEssentials of international relations/
_cKaren A. Mingst
260 _aNew York:
_bW.W. Norton & Co.,
_cc1999.
300 _axx, 297 p. :
_billustration;
_c23 cm.
504 _aIncludes bibliographical reference and index.
650 _a1. International Relations.
942 _2ddc
_cBK-CIRC
_hCirc.
_n0
999 _c7804
_d7804